| 000 | 00372 a2200133 4500 | ||
|---|---|---|---|
| 001 | 91529 | ||
| 082 | _aPR 1483 | ||
| 090 |
_c43664 _d43663 |
||
| 100 | _aKuraish B. Irani; Prof Shafique, Advisor | ||
| 245 |
_aDevelopment of a Tester / Repeater for the CRC / SOC DATA Link _n57 "B" EC |
||
| 260 |
_aRawalpindi _bNUST _c2003 |
||
| 300 | _a75p | ||
| 500 | _aBE Project Reports | ||
| 942 |
_aCAE NUST _kPR 1483 |
||
| 999 |
_c326602 _d326602 |
||